000 00907nam a2200277 i 4500
001 000044899
003 DO-SdBNP
005 20250203123107.0
007 ta
008 150115s2014 dr 000 p spa d
020 _a9789945475937
040 _aDO-SdBNP
_bspa
_cBNPHU
_erda
082 _axxxx
_bJ41
_222
100 1 _aJavier, Adrián,
_d1967-2013.
_eautor
_972917
_4aut.
245 1 0 _aSin ovejas que contar /
_cAdrián Javier.
264 4 _aSanto Domingo :
_bEdiciones Ferilibro,
_c©2014.
300 _a113 páginas
_c23 cm.
336 _atexto
_btxt
_2rdacontent
337 _asin mediación
_bn
_2rdamedia
338 _avolumen
_bnc
_2rdacarrier
500 _aIncluye datos biográficos del autor en la solapa de la cubierta,
505 0 _aNoticias en onda corta --
_tEl menor de los ruidos --
_tLa letra encarnada --
590 _aInventariado, 2025/ YL
910 _aYLockward
942 _2ddc
_cLBS1
999 _c44388
_d44388